| 000 | 00550cam a22002057a 4500 | ||
|---|---|---|---|
| 001 | 001133 | ||
| 003 | armpunfd | ||
| 005 | 20140612090631.0 | ||
| 008 | 020529e0####xx#a##########000#0#und#d | ||
| 040 |
_aarmpunfd _carmpunfd |
||
| 080 | _a343.2 P 439 | ||
| 100 | 1 | 0 | _a Pessagno, Rodolfo G. |
| 245 | 1 | 0 | _aTemas de historia penal |
| 260 |
_a Uenos Aires : Editora Perrot _b1953. 254P. |
||
| 650 | 7 |
_a Derecho Penal _2LEMB |
|
| 650 | 7 |
_a Historia _2LEMB |
|
| 700 | 1 | 0 | _aBernardi, Humberto P. J. |
| 942 |
_cLB _2cdu |
||
| 945 |
_aCatalis _d2010-08-19 |
||
| 999 |
_c1124 _d231628 |
||